000 00288nam a2200097Ia 4500
082 _a916.881 MEND
245 0 _aSand and water : a profile of the Kavango region
100 _a Mendelsohn, John M. Cape Town, 2003
_992901
942 _cBK
008 210817s9999 xx 000 0 und d
999 _c379263
_d379262